Odkud přichází déšť? : (Záznam č. 34253)

Podrobnosti MARC
000 -Návěští
Řídící pole kódované 24B 01529nam a2200337 i 4500
001 - Kontrolní číslo
Řídící pole proměnné 002200001591153
003 - Identifikátor kontrolního čísla
Řídící pole proměnné CZ PrSKC
005 - Datum posledního zpracování
Řídící pole 16B 20260505155948.0
008 - Údaje pevné délky
Řídící pole kódované 40B 260429s2026 xr ||| | cze
020 ## - ISBN
ISBN 9788025640531
Dostupnost Kč 299,00
040 ## - Zdroj katalogizace-agentura
Agentura původní katalogizace TUG001
Jazyk katalogizace cze
Použitá pravidla popisu rda
041 1# - Kód jazyka
Kód jazyka textu/zvuku, mezititulků cze
Kód jazyka originálu eng
072 #7 - Kód předmětové kategorie - Konspekt
Předmětová kategorie 821-93-053.4
Zpřesnění předmětové kategorie Literatura pro nejmenší děti
Zdroj předmětové klasifikace Konspekt
100 1# - Hlavní záhlaví - osobní jméno autora
Osobní jméno Daynes, Katie
Kód role aut
9 (RLIN) 4992
240 10 - Unifikovaný název
Unifikovaný název <a href="What makes it rain?">What makes it rain?</a>
Jazyk díla Česky
245 10 - Údaje o názvu
Název Odkud přichází déšť? :
Další údaje o názvu první otázky a odpovědi /
Údaj o odpovědností, atd. napsala Katie Daynes ; ilustrace Christine Pym
250 ## - Údaje o vydání
Označení vydání První české vydání
264 #1 - Nakladatelské údaje
Místo vydání Praha :
Nakladatel Svojtka & Co.,
Rok vydání 2026
300 ## - Fyzický popis
Rozsah 14 nečíslovaných stran :
další fyzické údaje ilustrace ;
Rozměry 23 cm
490 1# - Údaje o edici
Údaje o edici Kuk pod okénko
500 ## - Všeobecná poznámka
Text obecné poznámky Z angličtiny přeložila Erika Stařecká
500 ## - Všeobecná poznámka
Text obecné poznámky Údaje o názvu a odpovědnosti z obálky
500 ## - Všeobecná poznámka
Text obecné poznámky Kartonové listy s otevíracími okénky
520 2# - Anotace
Anotace, atd. Proč prší? Odkud se bere vítr? Jak vzniká duha, sníh nebo blesk? Tato bohatě ilustrovaná kniha s odklápěcími okénky odpovídá na nejčastější dětské otázky o počasí srozumitelně a hravou formou. Každá dvoustrana je postavená na jednoduché otázce a pod pevnými okénky skrývá jasné vysvětlení, které děti snadno pochopí.
655 #7 - Rejstříkový termín - žánr/forma
Žánr/forma či základní termín leporela
-- 906
700 1# - Vedlejší záhlaví - osobní jméno autora
Osobní jméno Pym, Christine,
Datumy související se jménem 1984-
Kód role ill
9 (RLIN) 11623
700 1# - Vedlejší záhlaví - osobní jméno autora
Osobní jméno Stařecká, Erika
Kód role trl
9 (RLIN) 16155
710 2# - Vedlejší záhlaví - jméno korporativního autora
Jméno korporace nebo jurisdikce Svojtka & Co. (nakladatelství)
Kód role pbl
9 (RLIN) 20505
910 ## - Údaje o vlastníkovi jednotky (exempláře)
Sigla vlastníka jednotky ABG508
Jednotky
Stav ztráty Zdroj klasifikace pro skladování Stav poškození
  Universal Decimal Classification  

Používáme knihovní systém Koha